Districts of Lesotho with a Map - Statistics

General Stats
  • This quiz has been taken 1,660 times
  • The average score is 5 of 10
Answers on the Map
Answers color-coded by a green-red scale on the quiz's map according to % correct below.
 
Answer Stats
District % Correct
Maseru
95%
Quthing
53%
Qacha's Nek
50%
Mohale's Hoek
48%
Berea
46%
Botha-Bothe
46%
Mafeteng
44%
Leribe
41%
Thaba-Tseka
40%
Mokhotlong
39%
No matching quizzes found
Score Distribution
Percent of People with Each Score
Percentile by Number Answered
Your Score History
You have not taken this quiz